Central Library OPAC University of Rajshahi
Normal view MARC view

Entry Topical Term

Number of records used in: 9

001 - CONTROL NUMBER

  • control field: 2854

003 - CONTROL NUMBER IDENTIFIER

  • control field: BD-RjUL

005 - DATE AND TIME OF LATEST TRANSACTION

  • control field: 20220509141625.0

008 - FIXED-LENGTH DATA ELEMENTS

  • fixed length control field: 220509|| aca||aabn | a|a d

040 ## - CATALOGING SOURCE

  • Original cataloging agency: BD-RjUL
  • Transcribing agency: BD-RjUL

150 ## - HEADING--TOPICAL TERM

  • Topical term or geographic name entry element: শিশু পালন

670 ## - SOURCE DATA FOUND

  • Source citation: Work cat.: (BD-RjUL)79543: বানু, মোসা. আখতারা 1821, প্রতিষ্ঠানে প্রতিপালিত এতিম শিশু এবং স্বাভাবিক পরিবারে প্রতিপালিত শিশুর বুদ্ধি, শিক্ষামূলক কৃতিত্ব, উদ্বেগ এবং ব্যক্তিত্বের কতিপয় বৈশিষ্ট্য :, ২০০৩